000 00880nam a2200229 i 4500
001 112796
003 ES-MaACL
005 20250815062639.0
007 t|
008 061121s1904 sp r ||||1| spa d
100 1 _aNietzsche, Friedrich,
_d1844-1900
_985718
245 1 0 _aUltimos opúsculos de Federico Nietzsche /
_cversión española de Luciano de Mantua.
260 _aMadrid :
_bLa España Moderna,
_c[1904] (
_fImp. de Gabriel L. Horno)
300 _a296 p. ;
_c23 cm.
490 1 _aBiblioteca de jurisprudencia, filosofía e historia
505 8 _aContiene: El caso Wagner. Nietzsche contra Wagner. El ocaso de los ídolos. El anticristo.
600 1 4 _aWagner, Richard,
_d1813-1883
_9240522
700 1 _aMantua, Luciano de.
_976175
830 0 0 _aBiblioteca de jurisprudencia, filosofía e historia
_9180691
852 _aES-MaACL
_jF-14970
999 _c112796
_d112796